[Event "12th Chennai Open 2020"]
[Site "Chennai"]
[Date "2020.01.21"]
[Round "5.10"]
[White "Lakshmi Narayanan M V"]
[Black "Taher, Yoseph Theolifus"]
[Result "0-1"]
[WhiteElo "2162"]
[BlackElo "2462"]
[Annotator "TA"]
[PlyCount "64"]
[EventDate "2020.01.19"]
[EventType "swiss"]
[EventCountry "IND"]
[SourceTitle "playchess.com"]
[Source "ChessBase"]
[SourceQuality "1"]

{[%evp 12,64,52,38,56,42,58,56,42,42,59,56,83,75,61,79,166,155,141,155,154,106,91,72,93,87,82,79,84,82,85,82,70,56,67,34,53,0,0,-20,-4,-14,-10,-148,-125,-245,-261,-414,-419,-1726,-1738,-29978,-29979,-29978,-10665]} 1. d4 c5 2. d5 Nf6 3. Nc3 d6 4. e4 g6 5. f4 Bg7 6. Bb5+ Nfd7 7. a4 Na6 {A43: Schmid Benoni} 8. Nf3 Nc7 9. Bd3 (9. Bc4 Rb8 10. O-O b6 11. e5 O-O 12. Ne4 Ba6 13. Bxa6 Nxa6 14. e6 fxe6 15. Neg5 {1-0 (37) Aronian,L (2783)-Zvjaginsev,V (2656) Mainz 2010}) 9... O-O {White is slightly better.} 10. O-O Nf6 11. Qe1 Bg4 12. Nd2 $146 ({Predecessor:} 12. Qg3 Bc8 13. f5 Nce8 14. Qh4 Qc7 15. Nb5 Qd8 16. c4 b6 17. Ng5 a6 18. Nc3 {1-0 (28) Seyb,A (2340)-Hiemer,B (2012) Wunsiedel 2013}) 12... Bd7 13. Nc4 b5 (13... e6 $16 {keeps fighting.}) 14. axb5 $18 Nxb5 15. e5 Ng4 16. Nxb5 Bxb5 17. h3 Nh6 18. e6 fxe6 19. Qxe6+ Kh8 20. g4 Ng8 21. Qe2 Nf6 22. Na5 Bxd3 23. Qxd3 Qd7 24. f5 ({White should play} 24. Nc4 $14) 24... gxf5 $11 25. Rxf5 e6 26. dxe6 Qxe6 {[#] And now ...Nxg4! would win.} 27. Bf4 (27. Be3 $11 {remains equal.}) 27... Ne4 $17 28. Re1 (28. Rxf8+ $17 {was called for.} Rxf8 29. Rf1) 28... d5 $1 $19 29. c4 (29. Rxf8+ $142 Rxf8 30. Rf1) 29... Rxf5 30. gxf5 (30. cxd5 $142 Bd4+ 31. Kh2) 30... Qxf5 31. Qxd5 Bd4+ 32. Be3 Rg8+ {Accuracy: White = 36%, Black = 58%.} 0-1

[Event "12th Chennai Open 2020"]
[Site "Chennai"]
[Date "2020.01.21"]
[Round "5.11"]
[White "Neverov, Valeriy"]
[Black "Pranav Vijay"]
[Result "0-1"]
[WhiteElo "2460"]
[BlackElo "2265"]
[Annotator "TA"]
[PlyCount "98"]
[EventDate "2020.01.19"]
[EventType "swiss"]
[EventCountry "IND"]
[SourceTitle "playchess.com"]
[Source "ChessBase"]
[SourceQuality "1"]

{[%evp 24,98,0,0,0,-6,0,-16,22,2,-10,16,53,51,43,42,81,59,78,46,53,54,54,56,99,94,73,60,58,54,46,41,29,32,35,37,29,49,23,16,54,61,79,68,89,95,300,64,60,56,61,47,57,69,72,0,0,0,0,0,0,-65,-101,-91,-47,-111,-61,-29986,-29987,-29986,-29987,-29989,-29977,-29976,-29978,-29974,-1452]} 1. d4 Nf6 2. c4 e6 3. Nf3 b6 4. a3 Ba6 5. Qc2 Bb7 6. Nc3 c5 7. e4 cxd4 8. Nxd4 Bc5 9. Nb3 Nc6 10. Bg5 h6 11. Bh4 Nd4 12. Nxd4 Bxd4 13. Bd3 Be5 {E12: Queen's Indian: Unusual White 4th moves, 4 a3, 4 Nc3 Bb7 5 a3 and 4 Nc3 Bb7 .} 14. O-O-O {[#]} Rc8 $146 ({Predecessor:} 14... Qc7 15. Bg3 a6 16. Kb1 O-O 17. Qe2 Rac8 18. Rhe1 d6 19. Bxe5 dxe5 20. Qe3 Nd7 21. Rd2 {½-½ (41) Bauer,C (2641)-Zhigalko,S (2677) Bilbao 2014}) 15. Rhe1 a6 {The position is equal.} 16. Bg3 Bxg3 17. hxg3 e5 18. Kb1 O-O 19. f3 d6 20. Qd2 Qe7 21. Bf1 Rfd8 22. g4 Rc7 23. Re3 Nh7 24. Na4 Rc6 25. Rb3 Qc7 26. Qe3 {[%cal Ra4b6]} Rb8 $1 27. Ka2 {[%cal Ra4b6]} Bc8 28. Nc3 Be6 29. Nd5 Bxd5 30. exd5 Rc5 $1 31. Rc3 Qe7 32. f4 Nf6 33. g5 hxg5 34. fxg5 Ng4 $2 (34... Nh7 $16) 35. Qd2 $2 (35. Qh3 $1 $18 {[%cal Rh3g4]} Qxg5 36. Rg3) 35... b5 $14 36. cxb5 {aiming for Rxc5.} Rxc3 37. Qxc3 axb5 {[#]} 38. g6 $1 {[%mdl 512]} fxg6 {[#]} 39. Qg3 (39. Bxb5 $1 $16 {[%mdl 512]} Qa7 (39... Rxb5 40. Qc8+) 40. Bd3) 39... Nf6 $11 40. Qxg6 b4 41. a4 Qa7 42. b3 (42. Kb3 $1 $11) 42... Qf2+ $15 43. Ka1 e4 {Threatens to win with ...Rc8.} 44. Bc4 (44. Rc1 $1 $15) 44... Rc8 $36 {[%mdl 2048] ( -> ...Rxc4!). Black has some pressure.} 45. Rf1 $2 {[%mdl 8192]} (45. Rc1 $15) 45... Qd4+ $1 {[%mdl 64] Double Attack. Black mates.} 46. Kb1 Rxc4 47. Qf5 Qd3+ 48. Ka1 Qc3+ 49. Ka2 Rc7 {Accuracy: White = 70%, Black = 69%.} (49... Qd2+ $142 50. Kb1 Qd3+ 51. Ka1 Qd4+ 52. Kb1 Rc3 53. Qe6+ {[#]} Kh7 $1 {[%mdl 512]} 54. Qf5+ g6 55. Qh3+ Rxh3 56. gxh3 Qd3+ $1 {[%mdl 576] Double Attack} 57. Kc1 Qxf1+ 58. Kc2 e3 59. h4 e2 60. h5 e1=Q 61. hxg6+ Kxg6 62. Kb2 Qg2#) 0-1

[Event "12th Chennai Open 2020"]
[Site "Chennai"]
[Date "2020.01.21"]
[Round "5.12"]
[White "Satkar, Chirag"]
[Black "Neelotpal, Das"]
[Result "0-1"]
[WhiteElo "2066"]
[BlackElo "2436"]
[Annotator "TA"]
[PlyCount "40"]
[EventDate "2020.01.19"]
[EventType "swiss"]
[EventCountry "IND"]
[SourceTitle "playchess.com"]
[Source "ChessBase"]
[SourceQuality "1"]

{[%evp 12,40,0,-5,0,-7,-8,-20,-29,-27,0,0,6,6,14,9,0,0,0,0,0,0,0,0,23,0,12,-445,-442,-443,-435]} 1. d4 Nf6 2. c4 e6 3. Nc3 Bb4 4. Qc2 O-O 5. a3 Bxc3+ 6. Qxc3 d5 7. Bg5 c5 {E36: Nimzo-Indian: Classical: 4...d5 5 a3} (7... dxc4 8. Qxc4 b6 9. Rd1 Ba6 10. Qa4 h6 11. Bh4 Qd7 12. Qc2 Nd5 13. Nf3 Rc8 14. Ne5 Qe8 15. e4 Bxf1 16. Kxf1 Ne7 17. Bxe7 Qxe7 18. g3 c5 19. Kg2 Nc6 20. Nxc6 Rxc6 21. d5 Rd6 22. Rd2 {½-½ (22) Mamedyarov,S (2772)-Jakovenko,D (2698) Jerusalem 2019}) 8. e3 cxd4 9. exd4 dxc4 {The position is equal.} 10. Bxc4 Nbd7 11. Nf3 b6 12. O-O Bb7 13. Qe3 $146 ({Predecessor:} 13. Ne5 Qc7 14. Bf4 Nxe5 15. Bxe5 {½-½ (49) Lu,A (2037)-Viswanadha,K (1987) Los Angeles 2012}) 13... h6 14. Bh4 Rc8 $36 {[%mdl 2048] Black is pushing.} 15. Rfc1 a6 16. a4 Qe7 17. Ne5 Qb4 {aiming for ...Nxe5.} 18. Nd3 Qa5 {Strongly threatening ...Rxc4!} 19. Bg3 $2 {[%mdl 8192] [#]} (19. f3 $11 {and White is okay.}) 19... Rxc4 $1 $19 {[%mdl 576] Remove Defender} 20. Rxc4 {[#] And now Rc7 would win.} Qd5 $1 {[%csl LRc4,LRg2][%mdl 576] Double Attack. Accuracy: White = 45%, Black = 54%.} 0-1

[Event "12th Chennai Open 2020"]
[Site "Chennai"]
[Date "2020.01.21"]
[Round "5.13"]
[White "Viani Antonio Dcunha"]
[Black "Jubin Jimmy"]
[Result "*"]
[WhiteElo "2417"]
[BlackElo "2193"]
[Annotator "TA"]
[PlyCount "74"]
[EventDate "2020.01.19"]
[EventType "swiss"]
[EventCountry "IND"]
[SourceTitle "playchess.com"]
[Source "ChessBase"]
[SourceQuality "1"]

{[%evp 16,74,17,19,19,21,17,12,10,0,4,4,6,0,2,-42,-20,-30,-19,-39,-29,-67,-59,-62,-55,-77,-74,-74,-70,-88,-22,-27,-19,-22,-10,-7,-12,-10,-7,-18,-8,-30,0,-12,0,-35,0,-16,0,-20,0,-10,0,-28,0,0,195,-779,-96,-119,-93]} 1. e4 c6 2. Nc3 d5 3. Nf3 g6 4. d4 Bg7 5. h3 dxe4 6. Nxe4 Nf6 7. Nxf6+ exf6 8. Bc4 O-O 9. O-O a5 {B15: Caro-Kann: 3 Nc3: 3...g6 and 3...dxe4 4 Nxe4 Nf6 5 Nxf6+ exf6} 10. a4 Na6 11. d5 $146 ({Predecessor:} 11. c3 Nc7 12. Bf4 Nd5 13. Bh2 Be6 14. Nd2 f5 15. Bb3 h5 16. Re1 Bh6 17. Be5 {0-1 (50) Karthikeyan,M (2574)-Wei,Y (2748) Ashkhabad 2017}) 11... cxd5 {The position is equal.} 12. Bxd5 Nb4 13. Bb3 Bf5 14. Bd2 Be4 15. Ne1 f5 16. c3 $1 {[%cal Rc3b4]} Na6 $36 {[%mdl 2048] Black is pushing.} 17. Be3 Qc7 18. Bc2 Rad8 19. Qe2 Bd5 {And now ...Rfe8 would win.} 20. Bg5 Rd7 21. Rd1 h6 22. Bc1 Rfd8 (22... Bc4 $17 23. Bd3 Rfd8) 23. Nf3 $11 Nc5 24. Rfe1 Be4 25. Be3 Nd3 26. Bxd3 $1 Bxd3 27. Qd2 Be4 28. Qe2 Bd3 29. Qd2 Be4 30. Qe2 Bd3 31. Qd2 Be4 32. Qe2 Bd3 33. Qd2 Be4 34. Qe2 Qc6 35. Nd4 Qxa4 $2 {[#]} (35... Bxd4 $11 {and Black has nothing to worry.} 36. Rxd4 Bxg2) 36. Nf3 $4 {[%mdl 8192]} (36. Ra1 $18 Rxd4 37. Bxd4) 36... Qc6 $2 (36... Rxd1 $19 37. Nd4 Rxe1+ 38. Qxe1 Re8) 37. Ra1 Qc7 {Accuracy: White = 58%, Black = 38%.} *

[Event "12th Chennai Open 2020"]
[Site "Chennai"]
[Date "2020.01.21"]
[Round "5.14"]
[White "Aleksandrov, Aleksej"]
[Black "Mahindrakar Indrajeet"]
[Result "*"]
[WhiteElo "2592"]
[BlackElo "2066"]
[Annotator "TA"]
[PlyCount "34"]
[EventDate "2020.01.19"]
[EventType "swiss"]
[EventCountry "IND"]
[SourceTitle "playchess.com"]
[Source "ChessBase"]
[SourceQuality "1"]

{[%evp 13,16,29,66,58,108]} 1. d4 Nf6 2. c4 g6 3. Nc3 Bg7 4. e4 d6 5. h3 O-O 6. Be3 e5 7. d5 Ne8 8. g4 {E71: King's Indian: 4 e4 d6 5 h3} f5 {Predecessor:} 9. gxf5 $146 gxf5 10. exf5 Bxf5 11. Nf3 Qf6 12. Rg1 Kh8 13. Ng5 Nd7 14. Nge4 Qf7 15. Bd3 Nc5 16. Nxc5 dxc5 17. Bxf5 Qxf5 {1-0 (46) Kavutskiy,K (2417)-Agrest,I (2320) San Francisco 2019} *

[Event "12th Chennai Open 2020"]
[Site "Chennai"]
[Date "2020.01.21"]
[Round "5.15"]
[White "Ziatdinov, Raset"]
[Black "Mchedlishvili, Mikheil"]
[Result "1/2-1/2"]
[WhiteElo "2203"]
[BlackElo "2578"]
[Annotator "TA"]
[PlyCount "101"]
[EventDate "2020.01.19"]
[EventType "swiss"]
[EventCountry "IND"]
[SourceTitle "playchess.com"]
[Source "ChessBase"]
[SourceQuality "1"]

{[%evp 16,101,29,21,48,26,24,24,22,18,33,47,69,47,61,-14,0,-29,-22,-36,0,-23,0,-66,0,0,0,-94,-24,-8,-7,-28,-8,-8,-8,-8,-8,-8,-8,-8,-8,-8,-8,-8,-8,-22,0,0,0,0,0,0,0,0,0,0,0,-43,0,0,264,0,0,0,20,0,0,0,0,0,202,0,0,0,0,0,0,0,0,0,0,0,0,0,0,0,0,0]} 1. e4 c5 2. Nf3 d6 3. d4 cxd4 4. Nxd4 Nf6 5. Nc3 a6 6. Bg5 e6 7. f4 Nbd7 8. Qe2 Qc7 9. O-O-O Be7 {B96: Sicilian Najdorf: 6 Bg5 e6 7 f4, lines other than 7...Qb6 and 7...Be7} 10. g4 b5 11. Bxf6 Nxf6 {White has an edge.} 12. Bg2 Bb7 13. a3 Rc8 {[#]} 14. Rhe1 $146 ({Predecessor:} 14. g5 Nd7 15. h4 Qc4 16. Qe1 b4 17. axb4 Qxb4 {½-½ (89) Naiditsch,A (2700)-Spoelman,W (2512) Deizisau 2009}) 14... O-O 15. Rd3 (15. g5 $14) 15... Nd7 $11 16. g5 g6 17. Rh3 Rfe8 18. Qg4 Nf8 $1 19. Rd1 (19. Kb1 $11) 19... Qb6 ({Black should play} 19... e5 $15 20. Nde2 Ne6) 20. f5 {[%cal Rf5e6]} Rc4 21. fxe6 (21. Nxe6 $11 {remains equal.} fxe6 22. fxg6) 21... fxe6 (21... Rxd4 $17 22. exf7+ Kxf7 23. Rf1+ Kg8) 22. Rhd3 b4 23. axb4 Rxb4 24. h4 $1 Rxb2 {[#] And now ...Rc8 would win.} 25. Rf1 $1 Rb4 26. Qf4 Kh8 27. Qf7 Bc6 28. Nxc6 Qxc6 29. e5 $1 $132 {[%mdl 2048] White is not holding back} Qxg2 30. exd6 Rb7 31. dxe7 Rbxe7 32. Qf6+ Kg8 33. Rdf3 {Ne4 is the strong threat.} Qg4 34. Rf4 Qg3 35. Qe5 {Threatens to win with Rxf8+!} Rf7 {[%mdl 64] [#] Pin} 36. Ne4 Qa3+ 37. Kd2 Rxf4 $4 {[%mdl 8192]} (37... Nd7 $1 $11 {and Black is okay.} 38. Qc7 Rfe7) 38. Qxf4 $2 ({White has to play} 38. Rxf4 $18 {Threatening mate with Nf6+.} Rd8+ 39. Ke2) 38... Rd8+ 39. Ke2 {Intending Qf7+ and mate.} Qb2 40. Nf6+ Kh8 41. Qc7 $1 {[%cal Rc7d8]} Qb5+ 42. Ke3 Qb8 $2 (42... Qxf1 $11 43. Qxd8 Qe1+ 44. Kf3 Qc3+ 45. Kg4 Qb4+ 46. Kf3 Qc3+ 47. Kg4 Qc5) 43. Qf7 $2 (43. Qxb8 $18 Rxb8 44. c4) 43... Qg3+ {The position is equal.} 44. Ke2 {[%csl Gf6][%cal Rf7g8]} Qe5+ 45. Kf3 {[%csl Gf6][%cal Rf7g8]} Qc3+ 46. Kg4 {[%csl Gf6][%cal Rf7g8]} Rd4+ 47. Rf4 Rxf4+ 48. Kxf4 {[%cal Rf7f8]} Qd4+ 49. Kf3 {[%cal Rf7f8]} Qc3+ 50. Kg4 {[%cal Rf7f8]} Qd4+ 51. Kf3 {Accuracy: White = 54%, Black = 62%.} 1/2-1/2

[Event "12th Chennai Open 2020"]
[Site "Chennai"]
[Date "2020.01.21"]
[Round "5.16"]
[White "Murali Krishnan B T"]
[Black "Fedorov, Alexei"]
[Result "0-1"]
[WhiteElo "2202"]
[BlackElo "2562"]
[Annotator "TA"]
[PlyCount "74"]
[EventDate "2020.01.19"]
[EventType "swiss"]
[EventCountry "IND"]
[SourceTitle "playchess.com"]
[Source "ChessBase"]
[SourceQuality "1"]

{[%evp 15,74,39,48,12,36,30,42,20,39,27,26,35,21,31,55,0,0,0,4,0,0,0,0,0,0,0,34,0,0,0,13,11,40,22,23,23,25,14,11,0,0,0,0,0,0,-97,-108,-105,-86,-397,-395,-738,-671,-1343,100,-29981,-29982,-29982,-29976,-29978,-6048]} 1. d4 Nf6 2. c4 g6 3. Nc3 Bg7 4. e4 d6 5. f3 O-O 6. Nge2 a6 7. Be3 Nc6 8. Qd2 Bd7 9. O-O-O {E83: King's Indian: Sämisch Panno (6...Nc6): Lines without either Nge2 or Qd2} (9. g4 b5 10. h4 h5 11. g5 Ne8 12. cxb5 Na5 13. bxa6 Nc4 14. Qc1 Nxe3 15. Qxe3 c6 16. f4 Qb6 {1-0 (32) Duda,J (2758)-Guseinov,G (2666) Moscow 2019}) 9... b5 10. Bh6 Bxh6 11. Qxh6 {White is slightly better.} e5 12. h4 exd4 $146 ({Predecessor:} 12... bxc4 13. h5 Qe7 14. g4 Bxg4 15. fxg4 Nxg4 16. Qd2 Nf2 {1-0 (26) Gupta,A (2643)-Smirin,I (2657) New Delhi 2012}) 13. Nxd4 Nxd4 14. Rxd4 {[%cal Rc4b5]} Nh5 15. Qg5 (15. g4 $14 Qf6 16. Qe3) 15... Be6 $11 16. cxb5 f6 17. Qd2 Ng3 18. Rg1 Nxf1 19. Rxf1 axb5 20. a3 Bc4 21. Rd1 Qe7 22. Nd5 Qf7 23. Qc3 Ra4 {Strongly threatening ...c5.} 24. Ne3 Be6 25. Rxa4 bxa4 26. Rd4 Bb3 27. Kd2 Qe7 {Black wants to play ...c5.} 28. Nd5 Qe5 29. Rb4 Qg3 30. Ne3 (30. Nxf6+ $11 {remains equal.} Kf7 31. Rxb3 (31. Nxh7 Qxg2+ 32. Ke3 Qg1+ 33. Kd3 Qd1+ 34. Ke3 Qg1+ 35. Ke2 Qg2+ 36. Ke3 Qg1+ $11) 31... axb3 32. Nxh7 Qxg2+ 33. Ke3 Qg1+ 34. Kd3 Qd1+ 35. Ke3 Qg1+ 36. Kf4 Qh2+ 37. Ke3 Qg1+) 30... Qf2+ $17 ({But not} 30... Qxh4 $6 31. Qxc7 Qf2+ 32. Kd3 $11) 31. Kd3 c5 $1 $36 {[%cal Rc5b4][%mdl 2048] Black is really pushing.} 32. Rb7 $2 {[%mdl 8192]} (32. Rb6 $17 {is a better chance.}) 32... d5 $1 $19 {[%cal Rd5d4]} 33. Qxc5 $2 (33. Qd2 dxe4+ 34. Kc3 Qxh4 35. Rxb3 axb3 36. Qd5+ Kg7 37. Qb7+ Rf7 38. Qxe4 Qxe4 39. fxe4) 33... dxe4+ 34. Kc3 {With the idea Rg7+!} exf3 $2 {[#]} (34... Qe1+ $19 35. Kd4 Rd8+ 36. Kxe4 Bc2+ $1 {[%mdl 576] Deflection} 37. Qxc2 f5+ 38. Kf4 Rd4+ 39. Qe4 Qxh4+ 40. g4 fxe4 41. Rb8+ Kf7 42. Rb7+ Kf8) 35. h5 $2 {[%mdl 8192]} (35. Rg7+ $1 $16 {[%mdl 512]} Kxg7 36. Nf5+ $1 {[%mdl 576] Discovered Attack} gxf5 37. Qxf2) 35... Qe1+ {Black mates.} 36. Kd4 fxg2 37. Qe7 Bf7 {Accuracy: White = 31%, Black = 69%.} (37... Qd2+ $142 38. Kc5 Qa5+ 39. Kd6 Rd8+ 40. Kc6 Rc8+ 41. Rc7 Qa6+ 42. Kc5 Rxc7+ 43. Qxc7 g1=Q 44. Qb8+ {[#]} Kg7 $1 {[%mdl 512]} 45. Qc7+ Kh6 $1 {[%mdl 512]} 46. Qf4+ Kxh5 47. Qf3+ Kh6 48. Qh3+ Kg7 49. Qd7+ Bf7 50. Qh3 Qc1+ 51. Kd4 Qxb2+ {[%mdl 64] Double Attack} 52. Ke4 Bd5+ $1 {[%mdl 512]} 53. Nxd5 Qae2+ 54. Qe3 Qe5#) 0-1

[Event "12th Chennai Open 2020"]
[Site "Chennai"]
[Date "2020.01.21"]
[Round "5.16"]
[White "Murali Krishnan B T"]
[Black "Fedorov, Alexei"]
[Result "*"]
[WhiteElo "2202"]
[BlackElo "2562"]
[Annotator "TA"]
[PlyCount "32"]
[EventDate "2020.01.19"]
[EventType "swiss"]
[EventCountry "IND"]
[SourceTitle "playchess.com"]
[Source "ChessBase"]
[SourceQuality "1"]

{[%evp 15,19,43,42,26,31,33]} 1. d4 Nf6 2. c4 g6 3. Nc3 Bg7 4. e4 d6 5. f3 O-O 6. Nge2 a6 7. Be3 Nc6 8. Qd2 Bd7 9. O-O-O {E83: King's Indian: Sämisch Panno (6...Nc6): Lines without either Nge2 or Qd2} (9. g4 b5 10. h4 h5 11. g5 Ne8 12. cxb5 Na5 13. bxa6 Nc4 14. Qc1 Nxe3 15. Qxe3 c6 16. f4 Qb6 {1-0 (32) Duda,J (2758)-Guseinov,G (2666) Moscow 2019}) 9... b5 10. Bh6 {Predecessor:} bxc4 $146 11. h4 e6 12. h5 Qe7 13. Bxg7 Kxg7 14. hxg6 fxg6 15. Qh6+ Kg8 16. Nf4 Rab8 {0-1 (33) Vragoteris,A (2317)-Georgiev,K (2452) Kallithea 2008} *

[Event "12th Chennai Open 2020"]
[Site "Chennai"]
[Date "2020.01.21"]
[Round "5.17"]
[White "Stupak, Kirill"]
[Black "Zia, Tahsin Tajwar"]
[Result "1-0"]
[WhiteElo "2506"]
[BlackElo "2177"]
[Annotator "TA"]
[PlyCount "119"]
[EventDate "2020.01.19"]
[EventType "swiss"]
[EventCountry "IND"]
[SourceTitle "playchess.com"]
[Source "ChessBase"]
[SourceQuality "1"]

{[%evp 9,119,10,38,0,0,0,0,0,0,0,16,8,19,4,14,0,10,13,55,50,43,52,65,31,34,27,84,84,74,57,58,33,48,40,102,101,102,101,107,81,81,91,89,95,99,56,56,58,60,20,20,18,52,54,66,40,99,15,15,15,15,15,15,15,15,15,15,15,15,15,15,15,39,15,15,15,15,15,40,40,40,15,15,0,0,0,0,0,8,8,14,8,64,64,136,136,196,196,196,196,862,841,638,599,5057,4932,5140,1152,4757,4630,4622,4622]} 1. d4 d5 2. c4 e6 3. Nf3 Nf6 4. Bg5 Bb4+ 5. Nbd2 h6 (5... dxc4 6. e4 Bxd2+ 7. Nxd2 Qxd4 8. Qc2 Nc6 9. Bxc4 h6 10. Be3 Qd6 11. Bb5 Bd7 12. O-O-O Nb4 13. Bxd7+ Nxd7 {½-½ (56) Mamedyarov,S (2817)-Harikrishna,P (2729) Kolkata 2018}) 6. Bh4 {D30: Queen's Gambit Declined: Systems without Nc3} dxc4 7. e3 b5 8. a3 {The position is equal.} Bxd2+ 9. Nxd2 a6 10. Be2 $146 ({Predecessor:} 10. b3 cxb3 11. Nxb3 Nbd7 12. Rc1 Bb7 13. f3 Bd5 {½-½ (43) Otspere,U (2209)-Grebenshchikov,A (2302) ICCF email 2013}) 10... Bb7 11. O-O Nbd7 12. b3 c3 13. Nb1 g5 14. Bg3 Ne4 15. Bf3 Nxg3 16. hxg3 (16. fxg3 {is interesting.} c2 17. Qxc2 Bxf3 18. gxf3 O-O 19. Qc6) 16... Bxf3 17. Qxf3 O-O (17... c5 $11) 18. Nxc3 $16 c5 19. dxc5 Nxc5 20. Rfd1 (20. Rad1 $5 {[%cal Rd1d8]} Qe7 21. b4 $11) 20... Qe7 21. b4 Na4 (21... Nd7 $14) 22. Nxa4 bxa4 {[#]} 23. Qc6 $1 a5 24. Qxa4 axb4 25. Qxb4 Qf6 26. a4 Rfb8 27. Qd4 (27. Qe4 {is more complex.} Ra5 28. Rab1 Rba8 29. Rb4 h5 30. Qc6) 27... Qxd4 28. Rxd4 $14 {[%mdl 4096] Endgame KRR-KRR} Ra5 29. g4 Rb2 30. Rc1 e5 31. Rd8+ Kg7 32. Rc4 Ra2 {[#]} (32... Ra6 $14) 33. Rd7 (33. Rcc8 $1 $16) 33... Ra6 $11 34. f3 R2xa4 35. Rcc7 Rf6 36. Re7 e4 37. Rxe4 Rxe4 38. fxe4 {KR-KR} Re6 39. Rc4 Kf6 40. Kf2 Ke5 41. Kf3 Rf6+ 42. Ke2 Ra6 43. Rc7 f6 44. Re7+ Kd6 45. Re8 Ra1 46. e5+ fxe5 47. Kf3 Rf1+ 48. Ke4 Rg1 49. Rh8 Rh1 50. Ra8 Rh4 (50... Rh2 $11) 51. Ra6+ Kc5 ({Black should play} 51... Kd7 $14) 52. Kf5 $16 ({Don't take} 52. Kxe5 $6 Rxg4 53. Ra2 Kc6 $14) 52... e4 (52... Rh2 $16 {keeps fighting.} 53. Ra2 (53. Kxe5 Rxg2 54. Rxh6 Rxg4 $11) 53... Kd5 54. Rd2+ Kc6) 53. Re6 $18 Rh2 54. Re5+ ({And not} 54. Rxe4 Rxg2 55. Re5+ Kb4 $16) 54... Kc4 $2 (54... Kd6) 55. Rxe4+ {White is clearly winning.} Kd3 56. Re6 Rxg2 57. Rxh6 Kxe3 58. Re6+ Kf3 59. Ra6 {Ra3+ would kill now.} Ke3 60. Ra4 {Accuracy: White = 71%, Black = 42%.} 1-0

[Event "12th Chennai Open 2020"]
[Site "Chennai"]
[Date "2020.01.21"]
[Round "5.18"]
[White "Balkishan, A.."]
[Black "Vasquez Schroeder, Rodrigo"]
[Result "0-1"]
[WhiteElo "2079"]
[BlackElo "2487"]
[Annotator "TA"]
[PlyCount "28"]
[EventDate "2020.01.19"]
[EventType "swiss"]
[EventCountry "IND"]
[SourceTitle "playchess.com"]
[Source "ChessBase"]
[SourceQuality "1"]

{[%evp 13,90,0,-6,-20,-20,-22,-13,-21,-22,-35,-33,-33,-7,-29,-10,-70,-70,-126,-124,-129,-116,-124,-118,-139,-128,-138,-108,-116,-111,-114,-115,-164,-162,-195,-151,-170,-151,-132,-42,-39,-15,-198,-148,-147,-161,-206,-89,-403,-212,-247,-261,-239,-236,-239,-198,-218,-227,-422,-250,-670,-637,-933,-925,-860,-853,-29969,-29966,-6311,-3003,-29985,-29983,-29983,-29984,-29984,-29985,-29985,-29986,-29986,-29987]} 1. e4 e6 2. d4 d5 3. Nc3 Bb4 4. e5 c5 5. a3 Bxc3+ 6. bxc3 Ne7 7. Nf3 b6 8. h4 {C19: French: 3 Nc3 Bb4: Main line: 7 Nf3 and 7 a4.} Ba6 9. Bd3 h6 10. a4 {[#] The position is equal.} Qc7 $146 ({Predecessor:} 10... Bxd3 11. Qxd3 Qd7 12. Qb5 Qxb5 13. axb5 a5 14. bxa6 Rxa6 15. Rxa6 Nxa6 16. Bd2 Kd7 {0-1 (34) Alves,F (1651)-Garcia Dorado,A (2223) Lisbon 2019}) 11. Rb1 Bxd3 12. cxd3 cxd4 13. cxd4 Nbc6 {[%cal Bb8c6,Bc6d4,Bd4f3][%mdl 32]} 14. Ba3 {[#]} ({White should try} 14. Qd2 $11) 14... Nxe5 {Played: Nc6xd4} 0-1

[Event "12th Chennai Open 2020"]
[Site "Chennai"]
[Date "2020.01.21"]
[Round "5.19"]
[White "Vignesh N R"]
[Black "Kiran, Manisha Mohanty"]
[Result "0-1"]
[WhiteElo "2472"]
[BlackElo "2133"]
[Annotator "TA"]
[PlyCount "70"]
[EventDate "2020.01.19"]
[EventType "swiss"]
[EventCountry "IND"]
[SourceTitle "playchess.com"]
[Source "ChessBase"]
[SourceQuality "1"]

{[%evp 15,70,5,22,25,53,53,68,59,58,43,68,52,46,38,38,38,60,68,75,38,67,75,64,64,56,72,76,70,76,79,91,68,75,40,39,10,39,33,66,0,0,0,-14,-38,-23,-21,-24,-57,-34,-25,-18,-97,0,0,-8,-513,-518]} 1. e4 c5 2. Nf3 d6 3. Bc4 Nc6 4. O-O Nf6 5. d3 e6 6. Re1 Be7 7. c3 O-O 8. Bb3 e5 9. h3 {B50: Sicilian: 2...d6, Miscellaneous} (9. Nbd2 b5 10. a4 b4 11. Nc4 Rb8 12. Bg5 Be6 13. Rb1 Nd7 14. Bxe7 Qxe7 15. Nfd2 Nf6 16. a5 Qc7 {½-½ (49) Artemiev,V (2697)-Nepomniachtchi,I (2751) Moscow 2018}) 9... h6 10. d4 cxd4 11. cxd4 {White is slightly better.} Nh7 $146 ({Predecessor:} 11... Bd7 12. Nc3 Rc8 13. Be3 a6 14. Rc1 Re8 {½-½ (14) Papin,V (2164)-Averjanov,A (2417) Serpukhov 2002}) 12. Bd5 Bf6 {[%cal Re5d4]} 13. Bxc6 bxc6 14. dxe5 dxe5 15. Qc2 Bd7 16. Rd1 Qc8 17. Qc3 Re8 18. Na3 Be6 19. Nc4 ({Don't go for} 19. Nxe5 $2 Bxe5 20. Qxe5 Bg4 $19) 19... Bxc4 20. Qxc4 Nf8 21. Be3 Ne6 22. Rac1 Qb7 23. b3 Rac8 24. Rd6 {[%cal Rd6c6]} c5 25. Qd5 Qb5 26. Nd2 ({Don't play} 26. Nxe5 Bxe5 27. Qxe5 Nd4 $15) 26... Qe2 27. Nc4 (27. Qc4 $14 Qh5 28. Nf1) 27... Qxa2 $11 28. Qd1 Rb8 $1 29. Nd2 Rbd8 30. Rd5 {[#] Strongly threatening Ra1.} Qa6 31. Nc4 Nd4 32. Rxc5 Qb7 33. Bxd4 (33. Nd2 $11) 33... Rxd4 (33... exd4 $17 34. e5 Be7) 34. Qc2 Red8 35. Re1 $2 {[%mdl 8192] [#]} (35. Nxe5 $11 Rd2 36. Qb1) 35... Qb4 $1 {[%csl LRc5,LRe1][%mdl 64] Double Attack. Accuracy: White = 46%, Black = 48%.} 0-1